The role and obligations of surveyors in construction projects (Record no. 114254)
[ view plain ]
| 000 -LEADER | |
|---|---|
| fixed length control field | 01151cad a22002175a 4500 |
| 001 - CONTROL NUMBER | |
| control field | L156434 |
| 008 - FIXED-LENGTH DATA ELEMENTS--GENERAL INFORMATION | |
| fixed length control field | 120521s2012 xxk 000 0 eng d |
| 035 ## - SYSTEM CONTROL NUMBER | |
| System control number | (Sirsi) u156434 |
| 041 0# - LANGUAGE CODE | |
| Language code of text/sound track or separate title | eng |
| 100 1# - MAIN ENTRY--PERSONAL NAME | |
| Personal name | Cohen, Lewis |
| 110 2# - MAIN ENTRY--CORPORATE NAME | |
| Corporate name or jurisdiction name as entry element | Blake-Turner & Co Solicitors |
| 245 04 - TITLE STATEMENT | |
| Title | The role and obligations of surveyors in construction projects |
| Medium | [electronic resource] |
| 260 ## - PUBLICATION, DISTRIBUTION, ETC. | |
| Date of publication, distribution, etc. | 2012? |
| 520 ## - SUMMARY, ETC. | |
| Summary, etc. | Discusses the various ways that surveyors' legal obligations and liabilities arise, surveyors' contractual obligations, surveyors' tortious obligations, extending the surveyor's contractual liabilities, surveyors' joint liability, how surveyors can try to limit their liability, the limitations that apply to Surveyors' liability, and express contractual limitations of surveyors' liability. The role of RICS is mentioned. |
| 590 ## - LOCAL NOTE (RLIN) | |
| Local note | KA |
| 651 #4 - SUBJECT ADDED ENTRY--GEOGRAPHIC NAME | |
| Geographic name | United Kingdom |
| Chronological subdivision | |
| 690 ## - LOCAL SUBJECT ADDED ENTRY--TOPICAL TERM (OCLC, RLIN) | |
| Topical term or geographic name as entry element | Contracts |
| 9 (RLIN) | 6232 |
| 690 ## - LOCAL SUBJECT ADDED ENTRY--TOPICAL TERM (OCLC, RLIN) | |
| Topical term or geographic name as entry element | Dispute resolution |
| 9 (RLIN) | 6236 |
| 856 40 - ELECTRONIC LOCATION AND ACCESS | |
| Uniform Resource Identifier | <a href="https://www.blaketurner.com/documents/Blake-Turner%20Construction%20Article%20-%20The%20Role%20and%20Obligations%20of%20Surveyors.pdf">https://www.blaketurner.com/documents/Blake-Turner%20Construction%20Article%20-%20The%20Role%20and%20Obligations%20of%20Surveyors.pdf</a> |
| Public note | View this item at www.blaketurner.com |
| 942 ## - ADDED ENTRY ELEMENTS (KOHA) | |
| Suppress in OPAC | 0 |
| Withdrawn status | Lost status | Source of classification or shelving scheme | Damaged status | Not for loan | Home library | Current library | Shelving location | Date acquired | Total Checkouts | Full call number | Barcode | Date last seen | Copy number | Price effective from | Koha item type |
|---|---|---|---|---|---|---|---|---|---|---|---|---|---|---|---|
| Dewey Decimal Classification | Virtual | Virtual | Online | 21/05/2012 | ONLINE PUBLICATION | 156434-2001 | 06/08/2019 | 1 | 06/08/2019 | Book |